Catalog

Record Details

Catalog Search



Earth awakens #3 : the first Formic war / Orson ... Read More

Johnston, Aaron.(Added Author).

Available copies

  • 3 of 3 copies available at LARL/NWRL Consortium.
  • 1 of 1 copy available at Lake Agassiz Regional Library. (Show preferred library)

Current holds

0 current holds with 3 total copies.

Show All Copies
Location Call Number / Copy Notes Barcode Shelving Location Status Due Date
Moorhead Public Library SF CAR (Text) 33500011876414 Main Available -
Greenbush Public Library CAR (Text) 35500005419591 Main Available -
Thief River Falls Public Library CAR (Text) 35500005419542 Main Available -

Record details

  • ISBN: 9780765329066 (hbk.)
  • ISBN: 0765329069 (hbk.)
  • Physical Description: 395 pages ; 25 cm
  • Edition: First Edition.
  • Publisher: New York : Tor, 2014.

Content descriptions

General Note:
"A Tom Doherty Associates Book."
Summary, etc.:
A latest entry in the Ender's Game prequel series ... Read More
Subject: Space warfare > Fiction.
Genre: Science fiction.
Science fiction.
LDR 01981cam a2200457 i 4500
001166910
003LARL_NWRL_CONSORTIUM
00520140605104513.0
008130909s2014 nyu 000 1 eng
019 . ‡a858896731
020 . ‡a9780765329066 (hbk.)
020 . ‡a0765329069 (hbk.)
020 . ‡z9781429948814 (e-book)
035 . ‡a(OCoLC)857863261 ‡z(OCoLC)858896731
08200. ‡a813/.54 ‡223
1001 . ‡aCard, Orson Scott. ‡0(LARL_NWRL_CONSORTIUM)55706
24510. ‡aEarth awakens ‡n#3 : ‡bthe first Formic war / ‡cOrson Scott Card and Aaron Johnston.
250 . ‡aFirst Edition.
260 . ‡aNew York : ‡bTor, ‡c2014.
300 . ‡a395 pages ; ‡c25 cm
336 . ‡atext ‡2rdacontent
337 . ‡aunmediated ‡2rdamedia
338 . ‡avolume ‡2rdacarrier
4900 . ‡aFirst Formic War trilogy ; ‡v3
500 . ‡a"A Tom Doherty Associates Book."
520 . ‡aA latest entry in the Ender's Game prequel series that includes Earth Afire follows an invasion of terraforming aliens on Earth, which is complicated by politics and power struggles until a small band of humans organize a desperate defense.
650 0. ‡aSpace warfare ‡vFiction. ‡0(LARL_NWRL_CONSORTIUM)167488
655 0. ‡aScience fiction.
655 7. ‡aScience fiction. ‡2gsafd
7001 . ‡aJohnston, Aaron. ‡0(LARL_NWRL_CONSORTIUM)220344
901 . ‡a166910 ‡bOCLC ‡c166910 ‡tbiblio

Additional Resources